000 00320nam a22001457a 4500
008 210507b ||||| |||| 00| 0 eng d
020 _a9781133278825
041 _aeng
080 _a61
082 _a61
100 _a4
101 _aSHM
245 _aAdministrative Medical Assisting
_cFrench,L.L
942 _2udc
_cBK
999 _c57125
_d57125